The design of the factory with a future / (Record no. 7588)

MARC details
000 -LEADER
fixed length control field 00856nac a22002411u 4500
010 ## - LIBRARY OF CONGRESS CONTROL NUMBER
LC control number 90019991
020 ## - INTERNATIONAL STANDARD BOOK NUMBER
International Standard Book Number 0070055513 :
020 ## - INTERNATIONAL STANDARD BOOK NUMBER
International Standard Book Number 0070055505 (soft cover) :
082 00 - DEWEY DECIMAL CLASSIFICATION NUMBER
Classification number 670.427
Item number BLA
090 ## - LOCALLY ASSIGNED LC-TYPE CALL NUMBER (OCLC); LOCAL CALL NUMBER (OCLC)
-- 7588
-- 7588
100 ## - MAIN ENTRY--PERSONAL NAME
Personal name Black, J. Temple.
245 14 - TITLE STATEMENT
Title The design of the factory with a future /
Statement of responsibility, etc J.T. Black.
260 ## - PUBLICATION, DISTRIBUTION, ETC. (IMPRINT)
Place of publication, distribution, etc New York :
Name of publisher, distributor, etc McGraw-Hill,1991
Date of publication, distribution, etc c1991.
300 ## - PHYSICAL DESCRIPTION
Extent xiv, 233 p. :
Other physical details ill. ;
Dimensions 24 cm.
440 #0 -
-- McGraw-Hill series in industrial engineering and management science
500 ## - GENERAL NOTE
General note distributer: Al-Ahram
504 ## - BIBLIOGRAPHY, ETC. NOTE
Bibliography, etc Includes bibliographical references (p. 227-228) and index.
511 ## - PARTICIPANT OR PERFORMER NOTE
Participant or performer note catalogued by: wessam
650 #0 - SUBJECT ADDED ENTRY--TOPICAL TERM
Topical term or geographic name as entry element Just-in-time systems.
650 #0 - SUBJECT ADDED ENTRY--TOPICAL TERM
Topical term or geographic name as entry element Computer integrated manufacturing systems.
650 #0 - SUBJECT ADDED ENTRY--TOPICAL TERM
Topical term or geographic name as entry element Factory management.
942 ## - ADDED ENTRY ELEMENTS (KOHA)
Item type Book - Borrowing
Call number prefix 670.427BLA
Holdings
Withdrawn status Item status Damaged status Not for loan Home library Current library Shelving location Date acquired Source of acquisition Total Checkouts Full call number Barcode Date last seen Koha item type
        Central Library Central Library First floor 30/01/2008 Purchase   670.427BLA 000009004 15/07/2025 Book - Borrowing